Language Quiz

Random Language or Latin Quiz

Add a Prefix IX Quiz Stats

 Plays Quiz not verified by Sporcle

Also try: Add a Prefix VIII
Challenge
Share
Tweet
Embed
Score 0/32 Timer 05:00
0 Plays Today
Root word Answer % Correct
-struct (struere - build, pile up, join together)construct - to build or put together from parts
96%
-junction (iungere - join, yoke)conjunction - act of joining together, combination; a word that joins words or clauses
92.4%
-scribe (scribere - write)describe - tell or depict, give an account of
86.1%
-struct (struere - build, pile up, join together)destruct - destroy
85.8%
-stitute (stare - stand)constitute - compose or form
83.5%
-vene (venire - come)convene - come together or assemble
82.5%
-scribe (scribere - write)prescribe - lay down rules, direct; designate remedies
81.5%
-struct (struere - build, pile up, join together)instruct - teach, train, educate, inform
76.9%
-stitute (stare - stand)destitute - deprived of, devoid of or lacking
75.2%
-side (sedere - sit)reside - dwell, abide, or be present in
75.2%
-stitute (stare - stand)institute - establish, start or initiate
74.6%
-junction (iungere - join, yoke)injunction - command or order to refrain from doing something
72.9%
-scribe (scribere - write)inscribe - engrave; address or dedicate with a brief note
71.6%
-scribe (scribere - write)subscribe - pledge or sign an agreement usually with monetary contribution; consent or sanction
71.3%
-vene (venire - come)intervene - mediate, intercede, interfere
70%
-scribe (scribere - write)conscribe - constrict or limit; force into military service
69.6%
Root word Answer % Correct
-stitute (stare - stand)prostitute - person who willingly uses talent in a base and unworthy way
67%
-stitute (stare - stand)substitute - to take the place of or replace
64.7%
-stitute (stare - stand)restitute - restore to a former state or position
61.4%
-scribe (scribere - write)ascribe - attribute, credit or impute
61.4%
-side (sedere - sit)preside - occupy the place of authority or control
58.1%
-side (sedere - sit)subside - sink, abate, or settle
55.8%
-junction (iungere - join, yoke)adjunction - addition of something non-essential (eg, an appendix or supplement)
55.1%
-scribe (scribere - write)proscribe - prohibit, outlaw, banish, exile
51.8%
-junction (iungere - join, yoke)subjunction - the act or state of adding something at the end or appending
49.5%
-struct (struere - build, pile up, join together)obstruct - hinder, oppose passage or progress
44.2%
-scribe (scribere - write)transcribe - make a written copy, translate, transliterate
42.2%
-junction (iungere - join, yoke)disjunction - the act or state of being separated or disunited
40.9%
-scribe (scribere - write)superscribe - write above or on something
24.8%
-scribe (scribere - write)circumscribe - encircle; delimit; enclose within bounds
23.8%
-vene (venire - come)contravene - come in conflict with, violate, transgress
18.8%
-vene (venire - come)supervene - ensue; occur as an extraneous development or event
12.5%

You're not logged in!

Compare scores with friends on all Sporcle quizzes.
Join for Free
OR
Log In

You Might Also Like...

Show Comments

Extras

Top Quizzes Today


Score Distribution

Your Account Isn't Verified!

In order to create a playlist on Sporcle, you need to verify the email address you used during registration. Go to your Sporcle Settings to finish the process.

Report this User

Report this user for behavior that violates our Community Guidelines.

Details: